ბათუმის შოთა რუსთაველის სახელმწიფო უნივერსიტეტის ბიბლიოთეკა

Введение в коммутативную алгебру. (ბიბ.ჩანაწერი № 38892)

000 -LEADER
fixed length control field 00605nam a2200205Ia 4500
001 - CONTROL NUMBER
control field 5307
003 - CONTROL NUMBER IDENTIFIER
control field GE_BSU
008 - FIXED-LENGTH DATA ELEMENTS--GENERAL INFORMATION
fixed length control field 181216s||||||||xx |||||||||||||| ||und||
040 ## - CATALOGING SOURCE
Transcribing agency GE_BSU
080 ## - UNIVERSAL DECIMAL CLASSIFICATION NUMBER
Universal Decimal Classification number 512.7+511.2
100 ## - MAIN ENTRY--PERSONAL NAME
Personal name Атья, М. Макдональд, И.
245 ## - TITLE STATEMENT
Title Введение в коммутативную алгебру.
245 ## - TITLE STATEMENT
Statement of responsibility, etc. Пер. с английского Ю.И. Манина.
260 ## - PUBLICATION, DISTRIBUTION, ETC.
Place of publication, distribution, etc. Москва
260 ## - PUBLICATION, DISTRIBUTION, ETC.
Name of publisher, distributor, etc. Мир
260 ## - PUBLICATION, DISTRIBUTION, ETC.
Date of publication, distribution, etc. 1972
300 ## - PHYSICAL DESCRIPTION
Extent 160 с. 22 см.
653 ## - INDEX TERM--UNCONTROLLED
Uncontrolled term Введение в коммутативную алгебру.
942 ## - ADDED ENTRY ELEMENTS (KOHA)
Koha item type წიგნი
ეგზემპლარები
Withdrawn status Lost status Damaged status Not for loan Date acquired Barcode Date last seen Price effective from Koha item type Public note
        2018-12-17 16444 2018-12-17 2018-12-17 წიგნი დარბაზი